| 000 | 01054nam a2200325 a 4500 | ||
|---|---|---|---|
| 001 | 000108002 | ||
| 003 | CHAP | ||
| 005 | 20220329143952.0 | ||
| 008 | 131127s2012 mx |r| ||||||spa d | ||
| 010 | _a104464 | ||
| 011 | _a105436 | ||
| 020 | _a9786071202697 | ||
| 040 | _cCHAP | ||
| 082 | 0 | 4 |
_a371.29097252 _bR45 |
| 100 | 0 | 0 |
_aReyes Canchola, Rosaura. _996762 |
| 245 | 1 | 0 |
_aChapingo estudiantil en movimiento : _bexperiencias de construcción universitaria (1937 a 2003) / _cpor Rosaura Reyes Canchola y Jorge Gustavo Ocampo Ledesma. |
| 260 |
_aChapingo, Méx. : _bCIESTAAM., _c2012. |
||
| 300 | _av. | ||
| 490 |
_aCuadernos de historia oral. _pTestimonios |
||
| 500 | _aLa biblioteca tiene v.2 | ||
| 590 |
_aE5765TAJ _b05 _c20131127 _lUCH01 _h0915 |
||
| 650 | 1 | 4 |
_aENA _xEstudiantes. _936671 |
| 650 | 1 | 4 |
_aENA _xHistoria. _936672 |
| 650 | 1 | 4 |
_aEstudiantes _xActividad política _xMéxico. _938490 |
| 650 | 1 | 4 |
_aMovimientos estudiantiles. _979168 |
| 700 | 0 |
_aOcampo Ledesma, Jorge G. _982603 |
|
| 901 | _aBK | ||
| 942 | _cLIBRO | ||
| 942 | _n0 | ||
| 999 |
_c104464 _d104464 |
||